| 000 | 00614nam a22001937a 4500 | ||
|---|---|---|---|
| 005 | 20251108175305.0 | ||
| 008 | 250721s1998 xx 000 0 ara d | ||
| 082 | 1 | 4 | _a210.94/أور |
| 100 | 1 |
_aالأرناؤوط، محمد _eمحرر |
|
| 111 | 2 |
_aأوراق المؤتمر الدولي الثاني _cعمان _d10-13 حزيران 1996 م |
|
| 245 | 1 | 0 | _aأوروبا و الإسلام / |
| 264 |
_bمنشورات جامعة أل البيت، _c1998. |
||
| 300 | _a229 ص +200 p | ||
| 650 | 1 | 7 | _aالإسلام |
| 650 | 1 | 7 | _aالبحوث |
| 650 | 1 | 7 | _aاوروبا |
| 942 |
_2ddc _cBK |
||
| 999 |
_c130666 _d130666 |
||